| 000 | 010330000a22002650004500 | ||
|---|---|---|---|
| 090 |
_aAR _b00162 |
||
| 245 | 1 | 0 | _aAdditions to the known herpetofauna of Isla de Utila (<Islas de la Bahia, Honduras>) with the description of a new species of the genus Norops (<Reptilia: Sauria: Iguanidae>) |
| 650 | 1 | 4 |
_aReptiles _992767 |
| 650 | 1 | 4 |
_aFauna _992594 |
| 650 | 1 | 4 |
_aTaxonomía animal _98245 |
| 650 | 1 | 4 |
_aSistemática animal _992968 |
| 650 | 1 | 4 |
_aNuevas especies _992905 |
| 651 | 4 |
_lIsla de Utila _dIslas de la Bahia _pHonduras _992749 |
|
| 653 |
_gLeptodactylus _eLeptodactylus melanonotus |
||
| 653 |
_gSphaerodactylus _eSphaerodactylus millepunctatus |
||
| 653 |
_gBoa _gBoa constrictor |
||
| 653 |
_gThecadactylus _eThecadactylus rapicaudus |
||
| 653 |
_gConiophanes _eConiophanes imperialis |
||
| 653 |
_gTretanorhinus _eTretanorhinus nigroluteus |
||
| 653 |
_gNorops _eNorops lemurinus |
||
| 041 | 0 | _aInglés | |
| 100 | 1 |
_aKöhler, Gunther _937096 |
|
| 942 | _cARTICULO | ||
| 773 | 1 |
_tFrankfurt am Marin _374 _h1-2 _q19-28 _d1996 _g76 |
|
| 999 |
_c9263 _d9263 |
||